000 00890nam a2200325Ia 4500
003 OSt
005 20220912144407.0
006 a|||||r|||| 00| 0
007 ta
008 220909b |||||||| |||| 00| 0 eng d
020 _a9780321825735 (hbk)
020 _aSL01560331
024 _a188881
037 _b46, 12/07/2013, N R Book Distributors
037 _cTextual
040 _aCSL
_beng
_cCSL
041 _aeng
082 _aB, Q4
100 _aTannenbaum Peter
245 0 _aExcursions in modern mathematics
250 _a8
260 _aBoston
_bPearson
_c2014
300 _axix,591p. col.ill.
500 _aIndex 575-583p.; Photo credits 585p.
650 _a Mathematics
650 _aGeneral Science
700 _aTannenbaum Peter
942 _hB, Q4
_cTEXL
_2CC
999 _c6999
_d6999